Rotten Tomatoes Top 100 Movies - Statistics

General Stats
  • This quiz has been taken 1,099 times
    793 since last reset
  • The average score is 9 of 100
Answer Stats
Hint Answer % Correct
3 (1939) The Wizard of Oz
68%
8 (1942) Casablanca
48%
2 (1941) Citizen Kane
48%
17 (1972) The Godfather
41%
7 (2019) Avengers: Endgame
40%
6 (2018) Parasite
29%
88 (1960) Psycho
21%
5 (2018) Black Panther
19%
78 (2016) La La Land
18%
20 (2016) Moonlight
18%
99 (1974) The Godfather, Part II
18%
48 (1982) E.T. The Extra-Terrestrial
15%
4 (1936) Modern Times
13%
47 (1954) Rear Window
13%
84 (1979) Alien
12%
63 (1927) Metropolis
12%
11 (2019) Toy Story 4
12%
37 (2017) Coco
11%
15 (2017) Get Out
11%
52 (1952) Singin' in the Rain
11%
28 (2015) Inside Out
10%
56 (1937) Snow White and the Seven Dwarves
10%
98 (2017) Spider-Man: Homecoming
10%
1 (1934) It Happened One Night
9%
85 (1933) King Kong
9%
59 (1954) On the Waterfront
9%
19 (2018) Spiderman: Into the Spiderverse
9%
79 (1959) North by Northwest
8%
93 (2018) Paddington 2
8%
49 (1956) Seven Samurai
8%
81 (2019) Spider-Man: Far From Home
8%
43 (2015) Spotlight
8%
67 (1941) The Maltese Falcon
8%
10 (2019) Us
8%
69 (2013) 12 Years a Slave
7%
89 (2020) 1917
7%
55 (1930) All Quiet on the Western Front
7%
38 (2017) Dunkirk
7%
18 (2015) Mad Max: Fury Road
7%
70 (2019) Once Upon a Time in Hollywood
7%
25 (2018) Roma
7%
21 (1950) Sunset Boulevard
7%
22 (1950) All About Eve
6%
71 (2012) Argo
6%
65 (2013) Gravity
6%
9 (2019) Knives Out
6%
12 (2017) Lady Bird
6%
76 (1922) Nosferatu, a Symphony of Horror
6%
32 (1940) Rebecca
6%
72 (2020) Soul
6%
16 (2019) The Irishman
6%
74 (1921) The Kid
6%
41 (2017) The Shape of Water
6%
42 (2017) Thor: Ragnarok
6%
26 (2017) Wonder Woman
6%
51 (2016) Arrival
5%
27 (2018) A Star Is Born
5%
97 (2017) Baby Driver
5%
87 (2018) Call Me by Your Name
5%
75 (2016) Manchester by the Sea
5%
57 (2019) Marriage Story
5%
13 (2018) Mission: Impossible - Fallout
5%
24 (1940) The Philadelphia Story
5%
14 (2018) BlacKkKlansman
4%
64 (2014) Boyhood
4%
82 (2018) Incredibles 2
4%
34 (2017) Logan
4%
77 (1938) The Adventures of Robin Hood
4%
46 (1949) The Third Man
4%
92 (2017) War for the Planet of the Apes
4%
83 (2016) Zootopia
4%
61 (1951) An American in Paris
3%
29 (2018) A Quiet Place
3%
54 (1944) Double Indemnity
3%
35 (1940) His Girl Friday
3%
90 (1997) L.A. Confidential
3%
36 (2020) Portrait of a Lady on Fire
3%
60 (2015) Star Wars: Episode VII - The Force Awakens
3%
39 (2017) Star Wars: The Last Jedi
3%
62 (1946) The Best Years of Our Lives
3%
58 (2017) The Big Sick
3%
23 (1920) The Cabinet of Dr. Caligari
3%
53 (2018) The Favourite
3%
94 (1964) A Hard Day's Night
2%
40 (1935) A Night at the Opera
2%
33 (2019) Booksmart
2%
31 (2018) Eighth Grade
2%
50 (1938) La Grande illusion
2%
80 (1944) Laura
2%
66 (2018) Leave No Trace
2%
73 (2020) Ma Rainey's Black Bottom
2%
96 (2020) Never Rarely Sometimes Always
2%
30 (2020) One Night in Miami
2%
45 (2014) Selma
2%
86 (1943) Shadow of a Doubt
2%
100 (1967) The Battle of Algiers
2%
44 (2019) The Farewell
2%
91 (2017) The Florida Project
2%
68 (2020) The Invisible Man
2%
95 (2018) Widows
2%
No matching quizzes found
Score Distribution
Percent of People with Each Score
Percentile by Number Answered
Your Score History
You have not taken this quiz since the last reset